Schaum's outline of theory and problems of strength of materials (Record no. 15127)

MARC details
000 -LEADER
fixed length control field 00657nam a2200241Ia 4500
003 - CONTROL NUMBER IDENTIFIER
control field IN-BaIIA
008 - FIXED-LENGTH DATA ELEMENTS--GENERAL INFORMATION
fixed length control field 211028s9999 xx 000 0 eng d
020 ## - INTERNATIONAL STANDARD BOOK NUMBER
International Standard Book Number 0-07-046617-3
040 ## - CATALOGING SOURCE
Transcribing agency IIA Library
080 ## - UNIVERSAL DECIMAL CLASSIFICATION NUMBER
Universal Decimal Classification number 621.38
Item number NAS
100 ## - MAIN ENTRY--PERSONAL NAME
Personal name Nash, W. A.
9 (RLIN) 27638
245 #0 - TITLE STATEMENT
Title Schaum's outline of theory and problems of strength of materials
Statement of responsibility, etc. W. A. Nash
250 ## - EDITION STATEMENT
Edition statement 4th ed.
260 ## - PUBLICATION, DISTRIBUTION, ETC.
Place of publication, distribution, etc. New York
Name of publisher, distributor, etc. McGraw-Hill
Date of publication, distribution, etc. 1998
300 ## - PHYSICAL DESCRIPTION
Extent vi, 474p.
490 ## - SERIES STATEMENT
Series statement Schaum's Outline Series
650 ## - SUBJECT ADDED ENTRY--TOPICAL TERM
Topical term or geographic name entry element Centroids
9 (RLIN) 27639
650 ## - SUBJECT ADDED ENTRY--TOPICAL TERM
Topical term or geographic name entry element Columns
9 (RLIN) 27640
650 ## - SUBJECT ADDED ENTRY--TOPICAL TERM
Topical term or geographic name entry element Compression
9 (RLIN) 27641
650 ## - SUBJECT ADDED ENTRY--TOPICAL TERM
Topical term or geographic name entry element Tension
9 (RLIN) 27642
650 ## - SUBJECT ADDED ENTRY--TOPICAL TERM
Topical term or geographic name entry element Torsion
9 (RLIN) 19411
942 ## - ADDED ENTRY ELEMENTS (KOHA)
Koha item type Books
Holdings
Withdrawn status Lost status Damaged status Not for loan Home library Current library Shelving location Date acquired Source of acquisition Cost, normal purchase price Total Checkouts Full call number Barcode Date last seen Cost, replacement price Price effective from Koha item type Purchase Price
        IIA Library-Bangalore IIA Library-Hosakote General Stacks 19/06/2003 ANJ 570.00   621.38/ NAS 16049 05/11/2021 570.00 19/06/2003 Books Rs. 570.00

Powered by Koha